000 00595nam a2200205Ii 4500
003 JO-AjNU
008 230605s9999||||xx |||||||||||||| ||und||
040 _aJO-AjNU
_bara
_erda
_cJO-AjNU
041 _aara
050 1 4 _aLB41 .A3258 2000
100 3 _aلطف الله، عفاف,
_eauthor
_935178
245 0 0 _a في الفكر التربوي
250 _aط1
264 3 1 _aدمشق
300 _a192ص
336 _atext
_btxt
_2rdacontent
337 _aunmediated
_bn
_2rdamedia
338 _avolume
_bnc
_2rdacarrier
650 4 _aالتعليم - مقالات و محاضرات
_935179
999 _aA14497
_c18065
_d18065